000 00595naa a2200193 a 4500
001 85820
003 BD-RjUL
005 20251009112707.0
008 251009s pk ||||| |||| 00| 0 urd d
035 _a(BD-RjUL)85820
040 _aBD-RjUL
_beng
_cBD-RjUL
041 _aurd
082 _223
_a891.43909
_bMUH [19?]
245 1 0 _a‏حيات خسرو /‏ / Ḥayāt-i K̲h̲usrū /
_cايجاد موسيقي ;; E jad musuqi
260 _aKarachi :
_bShikh golam ali,
_c19?
300 _a248 p. ;
_c18 cm
600 _aAmīr Khusraw Dihlavī, approximately
_d 1253-1325
_915318
942 _2ddc
_cBK
999 _c85820
_d85820